AS Roma - Hall Of Fame - Statistics

Statistiche generali
  • Questo quiz è stato fatto 121 volte
  • Il punteggio medio è 9 su 31
Statistiche sulle risposte
Giocatori % Corretto
Francesco Totti
100%
Cafu
67%
Gabriel Batistuta
67%
Vincenzo Montella
63%
Bruno Conti
59%
Roberto Pruzzo
55%
Aldair
53%
Paulo Roberto Falcão
52%
Giuseppe Giannini
49%
Agostino Di Bartolomei
47%
Rudi Völler
40%
Vincent Candela
36%
Damiano Tommasi
30%
Carlo Ancelotti
29%
Franco Tancredi
19%
Giacomo Losi
19%
Sebastiano Nela
19%
Amedeo Amadei
18%
Attilio Ferraris IV
16%
Toninho Cerezo
14%
Francesco Rocca
9%
Fulvio Bernardini
9%
Rodolfo Volk
9%
Guido Masetti
8%
Mario De Micheli
6%
Giancarlo De Sisti
4%
Sergio Santarini
4%
Giuliano Taccola
3%
Alcides Ghiggia
1%
Arcadio Venturi
1%
Giorgio Carpi
1%
Nessun quiz corrispondente trovato
Distribuzione punteggi
Percentuale di utenti per punteggio
Percentile per numero di risposta
I tuoi punteggi nel tempo
Non hai fatto questo quiz